American government : (Record no. 846)

MARC details
000 -LEADER
fixed length control field 01037nam a2200313 a 4500
005 - DATE AND TIME OF LATEST TRANSACTION
control field 20260322212036.0
008 - FIXED-LENGTH DATA ELEMENTS--GENERAL INFORMATION
fixed length control field data
010 ## - LIBRARY OF CONGRESS CONTROL NUMBER
LC control number 97072562
020 ## - INTERNATIONAL STANDARD BOOK NUMBER
International Standard Book Number 0395857635
020 ## - INTERNATIONAL STANDARD BOOK NUMBER
International Standard Book Number 9780395857632
040 ## - CATALOGING SOURCE
Original cataloging agency DLC
Transcribing agency DLC
043 ## - GEOGRAPHIC AREA CODE
Geographic area code n-us---
050 00 - LIBRARY OF CONGRESS CALL NUMBER
Classification number JK274
Item number .W67 1998
082 00 - DEWEY DECIMAL CLASSIFICATION NUMBER
Classification number 320.473
Edition information 21
092 ## - LOCALLY ASSIGNED DEWEY CALL NUMBER (OCLC)
Classification number 320.47 W67 1998
001 - CONTROL NUMBER
control field data
100 1# - MAIN ENTRY--PERSONAL NAME
Personal name Wilson, James Q.
245 10 - TITLE STATEMENT
Title American government :
Remainder of title institutions and policies /
Statement of responsibility, etc. James Q. Wilson & John J. DiIulio.
250 ## - EDITION STATEMENT
Edition statement 7th ed.
260 ## - PUBLICATION, DISTRIBUTION, ETC.
Place of publication, distribution, etc. Boston :
Name of publisher, distributor, etc. Houghton Mifflin Co.,
Date of publication, distribution, etc. c1998.
300 ## - PHYSICAL DESCRIPTION
Extent xiv, 726, 84 p. :
Other physical details ill. (some col.), col. maps ;
Dimensions 27 cm.
504 ## - BIBLIOGRAPHY, ETC. NOTE
Bibliography, etc. note Includes bibliographical references (p. 47-59 (2nd group)) and index.
651 #0 - SUBJECT ADDED ENTRY--GEOGRAPHIC NAME
Geographic name United States
General subdivision Politics and government.
700 1# - ADDED ENTRY--PERSONAL NAME
Personal name DiIulio, John J.
906 ## - LOCAL DATA ELEMENT F, LDF (RLIN)
a 7
b cbc
c orignew
d 2
e opcn
f 19
g y-gencatlg
922 ## -
-- co
991 ## -
-- c-GenColl
-- JK274
-- .W67 1998
-- 00054700313
-- Copy 1
-- BOOKS
Holdings
Withdrawn status Lost status Damaged status Not for loan Home library Current library Shelving location Date acquired Total checkouts Full call number Barcode Date last seen Price effective from Koha item type
        Franklin Franklin General stacks 22/03/2026   320.473 21 BC0010871 22/03/2026 22/03/2026 Books